| 000 | 00383nam a2200169Ia 4500 | ||
|---|---|---|---|
| 008 | 210210b1930 xxu||||| |||| 00| 0 eng d | ||
| 041 | _aeng | ||
| 082 | _a829/1264 | ||
| 100 | _aWODEHOUSE (P G) | ||
| 245 | _aVery good Jeeves | ||
| 260 |
_aLondon _bNot Mentioned _c1930 |
||
| 650 | _aVery | ||
| 650 | _aJeeves | ||
| 650 | _agood | ||
| 690 | _aEnglish Fiction | ||
| 906 | _a017874 | ||
| 999 |
_c118738 _d118738 |
||